000 01063nam a2200313 i 4500
001 000038563
003 DO-SdBNP
005 20260420111101.0
007 ta
008 250722s2013 dr a 000 0 spa d
040 _aDO-SdBNP
_bspa
_cBNPHU
_erda
041 _aspa
082 _a519.54
_bC933e
_222
100 1 _aCristo Nova, José Antonio
_936182
245 1 0 _aEstadística inferencial :
_bmanual de teoría y práctica
_cJosé Antonio Cristo Nova, Abraham Amauri Moreta Pérez
264 _aSanto Domingo, :
_bUniversidad Católica,
_c2013
300 _a211páginas. :
_bilustraciones ;
_c29 cm.
336 _ardacontent
_btexto
_2txt
337 _ardamedia
_bsin mediación
_2n
338 _ardacarrier
_bvolumen
_2nc
504 _aIncluye referencias bibliográficas (P. 210-211)
590 _aInventariado, 2025 /DG
650 4 _aEstadística
_xProblemas, ejercicios, etc.
_9722
650 0 _aEstadística matemática
_920984
650 4 _aInferencia (lógica)
_920985
650 0 _aMuestreo (Estadistica)
_9721
910 _aDG
942 _2ddc
_cLBS1
999 _c59607
_d59607